Dictionnaire historique de la langue française. Contenant les mots français en usage et quelques autres délaissés, avec leur origine proche et lointaine (...)

Zapisane w:
Opis bibliograficzny
Główni autorzy: Rey, Alain (Autor), Tom, Marianne (Autor), Hordé, Tristan (Autor), Tanet, Chantal (Autor)
Format: Książka
Język:angielski
Wydane: Paris, France: Le Robert, 2012.
Wydanie:Nouvelle édition
Hasła przedmiotowe:
Etykiety: Dodaj etykietę
Nie ma etykietki, Dołącz pierwszą etykiete!

MARC

LEADER 00000nam a22000007a 4500
003 CL-VaPUC
005 20220822114552.0
008 220707e2012 ||||| |||| 00| 0 eng d
999 |c 436794  |d 436792 
020 |a 978-2-32100-067-9 (obra completa) 
020 |a 978-2-321200-064-8 (t.1)  
020 |a 978-2-32100-065-5 (t.2)  
020 |a 978-2-32100-066-2 (t.3)  
040 |c Pontificia Universidad Católica de Valparaíso 
082 |a 443.61 REY 2012  |2 22 
100 |a Rey, Alain  |9 405898  |e author 
245 |a Dictionnaire historique de la langue française.   |b Contenant les mots français en usage et quelques autres délaissés, avec leur origine proche et lointaine (...) 
250 |a Nouvelle édition  
260 |a Paris, France:   |b Le Robert,   |c 2012. 
300 |a 3 Tomos.  
500 |a c.1 Tome 1: Donación Familia Prof. Alejandro Guzmán Brito. c.1 Tome 2: Donación Familia Prof. Alejandro Guzmán Brito. c.1 Tome 3: Donación Familia Prof. Alejandro Guzmán Brito. 
505 |a t.1: A - Fo. t.2: Fo - Pr. t.3: Pr - Z. 
583 |c 20220707  |k Yessy Sthefany Diaz Vidal 
650 |a Diccionarios   |x Francés   |x Histórico   |9 872406 
700 |a Tom, Marianne   |9 872402  |e author  
700 |a Hordé, Tristan   |9 872403  |e author  
700 |a Tanet, Chantal   |9 872404  |e author  
942 |2 ddc  |c BK  |n 0 
952 |0 0  |1 0  |2 ddc  |4 0  |6 443_610000000000000_REY_2012  |7 1  |8 C_AGB  |9 584521  |a BIBDER  |b BIBDER  |d 2022-07-07  |e Donación   |h t.2  |i 5652631  |o 443.61 REY 2012  |p 5652631  |r 2023-01-25  |t 1  |w 2022-07-07  |y BK_US  |k AGB 
952 |0 0  |1 0  |2 ddc  |4 0  |6 443_610000000000000_REY_2012  |7 1  |8 C_AGB  |9 584527  |a BIBDER  |b BIBDER  |d 2022-07-07  |e Donación   |h t.1  |i 5652633  |o 443.61 REY 2012  |p 5652633  |r 2023-01-25  |t 1  |w 2022-07-07  |y BK_US  |k AGB 
952 |0 0  |1 0  |2 ddc  |4 0  |6 443_610000000000000_REY_2012  |7 1  |8 C_AGB  |9 585155  |a BIBDER  |b BIBDER  |d 2022-07-21  |e Donación   |h t.3  |i 5653240  |o 443.61 REY 2012  |p 5653240  |r 2023-01-25  |t 1  |w 2022-07-21  |y BK_US  |k AGB